000
00315nam a2200109Ia 4500
008
200302s9999 xx 000 0 und d
100
_a
John A. Dutton
245
_a
New American Urbanism Re-forming the Suburban Metropolis
260
_b
Skira Architecture Library Publication Ltd,
260
_c
2000
300
_a
223 P.,
999
_c
5531
_d
5531